00914aam a2200289 a 4500001000800000005001700008008004100025010001700066015001900083020003600102020003300138035001800171035001200189040003000201042001100231082001400242100001700256245005600273260005500329300003700384500002200421504005100443650003600494650003600530650003200566700002600598441595820200421093820.0100317s2011 maua 000 0 eng|d a2010022186  aGBB0578422bnb a9780321601919 (hbk.) :c£36.99 a0321601912 (hbk.) :c£36.99 a(Uk)015545260 a2306738 aStDuBDSbengcStDuBDSdUk aukblsr00a005.12221 aHumble, Jez.10aContinuous delivery /cJez Humble and David Farley. aBoston, Mass. ;aLondon :bAddison-Wesley,cc2011. axxxiii, 463 p. :bill. ;c24 cm. aFormerly CIP.5Uk aIncludes bibliographical references and index. 0aComputer softwarexDevelopment. 0aComputer softwarexReliability. 0aComputer softwarexTesting.1 aFarley, David,d1959-